000 00914nam a2200217 4500
001 16922
003 ES-MaACL
005 20250815160327.0
007 t|
008 001122s19860000sp a ||||0| spa d
080 _a75.035(467.3):061.43(467.31)"1986"
245 0 0 _aPintura valenciana del siglo XIX
_b: [exposición], Centro de Exposiciones y Congresos, Caja de Ahorros y Monte del Piedad de Zaragoza, Aragón y Rioja, del 7 de febrero al 25 de marzo de 1986.
260 _a[Zaragoza] :
_bCaja de Ahorros y Monte de Piedad de Zaragoza, Aragón y Rioja,
_c[1986]
300 _a51 p. :
_bil. col. y n. ;
_c30 cm.
650 4 _aPintura-
_zComunidad Valenciana-
_yS.XIX-
_vExposiciones
_916092
655 7 _2tgfbne
_9193628
_aCatálogos de exposiciones
710 2 _aCaja de Ahorros y Monte de Piedad de Zaragoza, Aragón y Rioja.
_92326
852 _aES-MaACL
_jG-2243
942 _2udc
999 _c16922
_d16922